[Event "FSGM July"]
[Site "Budapest HUN"]
[Date "2003.07.10"]
[Round "6"]
[White "Pedersen,NV"]
[Black "Gerzhoy,L"]
[Result "1/2-1/2"]
[WhiteElo "2528"]
[BlackElo "2410"]

1.d4 Nf6 2.c4 e6 3.Nc3 Bb4 4.Nf3 d5 5.g3 O-O 6.Bg2 c5 7.cxd5 Nxd5 8.Bd2 cxd4
9.Nxd5 Bxd2+ 10.Qxd2 Qxd5 11.Qxd4 Qa5+ 12.b4 Qa4 13.a3 a5 14.O-O Nc6 15.Qc3 Qb5
16.Qc5 Qxc5 17.bxc5 a4 18.Rac1 Ra5 19.Rfd1 e5 20.Kf1 Rb5 21.Nd2 Nd4 22.Rc4 Be6
23.Rxa4 Rxc5 24.e3 Nc6 25.Rb1 Rd8 26.Rb2 f6 27.Ke2 Rd7 28.Be4 g6 29.Rc2 Rxc2
30.Bxc2 f5 31.Ra8+ Kf7 32.f3 Kf6 33.Ba4 Rd6 34.Bb5 Rd5 35.Bxc6 bxc6 36.a4 Ke7
37.Ra7+ Rd7 38.Rxd7+ Kxd7 39.Kd3 c5 40.Kc3 Kc6 41.e4 fxe4 42.fxe4 Kb6 43.Nc4+ Ka6
44.Nxe5 Ka5 45.Nd3 Kb6 46.h4 h6 47.Nf4 Bd7 48.Nd5+ Kc6 49.Kc4 Kd6 50.a5 Bc8
51.Kd3 Bb7 52.Ne3 Ba6+ 53.Nc4+ Ke6 54.Kc3 Bb5 55.Kd3 Ba6 56.Kc3 Kf6  1/2-1/2

[Event "ch-NOR"]
[Site "Fredrikstad NOR"]
[Date "2003.07.10"]
[Round "7"]
[White "Carlsen,M"]
[Black "Hansen,TR"]
[Result "1/2-1/2"]
[WhiteElo "2385"]
[BlackElo "2305"]

1.d4 Nf6 2.c4 e6 3.Nc3 Bb4 4.Nf3 O-O 5.Qd3 c5 6.Bg5 Nc6 7.a3 Bxc3+ 8.Qxc3 h6
9.Bxf6 Qxf6 10.e3 d6 11.Be2 b6 12.O-O Bb7 13.Rfd1 Rac8 14.d5 Qxc3 15.bxc3 exd5
16.Rxd5 Rfd8 17.Rad1 Kf8 18.Rxd6 Rxd6 19.Rxd6 Ke7 20.Rd1 Ba6 21.g4 Rc7 22.Nh4 g6
23.Nf3 Ke6 24.Kf1 Na5 25.Nd2 Rd7 26.Ke1 g5 27.Rb1 Ke5 28.Rb2 Rd8 29.f3 f5
30.gxf5 Kxf5 31.Kf2 h5 32.Kg3 h4+ 33.Kf2 Rd7 34.Bf1 Rd8 35.Bh3+ Ke5 36.Bf1  1/2-1/2

[Event "1st Stage Russian Cup"]
[Site "Tomsk RUS"]
[Date "2003.07.11"]
[Round "8"]
[White "Gareev,T"]
[Black "Bocharov,D"]
[Result "0-1"]
[WhiteElo "2423"]
[BlackElo "2526"]

1.d4 Nf6 2.c4 e6 3.Nc3 Bb4 4.Nf3 c5 5.Bd2 cxd4 6.Nxd4 O-O 7.a3 Be7 8.e3 a6
9.Be2 Qc7 10.O-O b6 11.Rc1 Bb7 12.Re1 d6 13.Bf1 Nbd7 14.e4 Rac8 15.f3 Qb8
16.Be3 Rfe8 17.b4 Kh8 18.Qd2 Bd8 19.Kh1 Bc7 20.Bg5 h6 21.Be3 Rcd8 22.Nde2 Ne5
23.Nf4 g5 24.Nh3 g4 25.Bxh6 Rg8 26.Ng5 Rg6 27.f4 Ng8 28.fxe5 Nxh6 29.Qf2 Kg8
30.Qh4 dxe5 31.Be2 Rd4 32.Qh5 Qd8 33.h4 gxh3 34.Nxh3 Qf6 35.Rf1 Qg7 36.Bf3 f5
37.exf5 Nxf5 38.Ne2 e4 39.Bg4 e3 40.Bf3 Rh4 41.Qxg6 Qxg6 42.Bxb7 Ng3+  0-1

[Event "Open"]
[Site "Mariupol UKR"]
[Date "2003.07.13"]
[Round "3"]
[White "Boginin,O"]
[Black "Olenin,N"]
[Result "1/2-1/2"]
[WhiteElo "2378"]
[BlackElo "2420"]

1.d4 Nf6 2.c4 e6 3.Nc3 Bb4 4.Nf3 c5 5.g3 O-O 6.Bg2 cxd4 7.Nxd4 d5 8.cxd5 Nxd5
9.Qb3 Na6 10.O-O Nxc3 11.bxc3 Be7 12.Qb5 Nc5 13.Nb3 Bd7 14.Qb4 Rc8 15.Nxc5 b6
16.Nxe6 Bxb4 17.Nxd8 Bxc3 18.Nxf7 Rxf7 19.Rb1 Be6 20.Bb2 Bxa2 21.Rbc1 Rfc7
22.Bxc3 Rxc3 23.Ra1 Bc4 24.Rxa7 Bxe2 25.Bd5+ Kh8 26.Re1 Rc1 27.Rxc1 Rxc1+
28.Kg2 Rc8 29.Rb7 b5 30.f3 Bc4 31.Be4 g6 32.h4 Rc5 33.g4 Bd5 34.Rb8+ Kg7
35.g5 h6 36.Bxd5 Rxd5 37.Rb7+ Kh8 38.gxh6 b4 39.Kg3 b3 40.Rxb3  1/2-1/2

[Event "25th Politiken Cup"]
[Site "Copenhagen DEN"]
[Date "2003.07.14"]
[Round "1"]
[White "Carlsen,M"]
[Black "Egeland,M"]
[Result "1/2-1/2"]
[WhiteElo "2385"]
[BlackElo "1990"]

1.d4 Nf6 2.c4 e6 3.Nc3 Bb4 4.Nf3 c5 5.e3 O-O 6.Bd3 cxd4 7.exd4 b6 8.O-O Bxc3
9.bxc3 Bb7 10.d5 exd5 11.cxd5 Bxd5 12.Bg5 h6 13.Bh4 d6 14.Nd4 Nbd7 15.Nf5 Be6
16.Nxd6 Qc7 17.Nf5 Qxc3 18.Rc1 Qb4 19.Bg3 Qa5 20.Qf3 Ne5 21.Bxe5 Qxe5 22.Rfe1 Qb2
23.Rb1 Qd2 24.Red1 Qg5 25.h4 Qh5 26.Qf4 Nd5 27.Qe5 Bxf5 28.Bxf5 Nf6 29.Qf4 Qe2
30.Rbc1 Qxa2 31.Rc6 Rad8 32.Rxd8 Rxd8 33.g4 Qa1+ 34.Kg2 Nd5 35.Qe4 Nf6 36.Qf4 Nd5
37.Qc4 Nf6  1/2-1/2

[Event "25th Politiken Cup"]
[Site "Copenhagen DEN"]
[Date "2003.07.18"]
[Round "5"]
[White "Carlsen,M"]
[Black "Ward,C"]
[Result "1-0"]
[WhiteElo "2385"]
[BlackElo "2531"]

1.d4 Nf6 2.c4 e6 3.Nc3 Bb4 4.Nf3 b6 5.Bg5 h6 6.Bh4 g5 7.Bg3 Ne4 8.Qc2 Bb7
9.e3 Bxc3+ 10.bxc3 Nxg3 11.fxg3 g4 12.Nh4 Qg5 13.Qd2 Nc6 14.Bd3 Ne7 15.O-O f5
16.a4 O-O 17.a5 d5 18.Qe2 Kg7 19.Rae1 dxc4 20.Bxc4 Nd5 21.e4 Nxc3 22.Qc2 Bxe4
23.Qxc3 Rae8 24.axb6 axb6 25.Bb5 Re7 26.Bc6 Bxc6 27.Qxc6 Rf6 28.Qc3 Rff7
29.d5+ Qf6 30.Qe3 exd5 31.Nxf5+ Qxf5 32.Rxf5 Rxe3 33.Rxf7+ Kxf7 34.Rxe3 d4
35.Re4 c5 36.Kf2 Kf6 37.Ke2 b5 38.Kd3 h5 39.Re8  1-0

[Event "11th Open"]
[Site "St Affrique FRA"]
[Date "2003.07.20"]
[Round "2"]
[White "Battaglini,G"]
[Black "Kosten,A"]
[Result "0-1"]
[WhiteElo "2338"]
[BlackElo "2514"]

1.d4 Nf6 2.c4 e6 3.Nf3 Bb4+ 4.Nc3 b6 5.Bg5 Bb7 6.e3 h6 7.Bh4 g5 8.Bg3 Ne4
9.Qc2 Bxc3+ 10.bxc3 d6 11.Bd3 f5 12.d5 Nd7 13.Nd4 Ndc5 14.Bxe4 fxe4 15.Nxe6 Nxe6
16.Qxe4 Qe7 17.Qg6+ Kd8 18.dxe6 Bxg2 19.Rg1 Bh3 20.Qe4 Rb8 21.Rd1 Qxe6 22.Qc6 Qd7
23.Qd5 Be6 24.Qd4 Rf8 25.f4 Kc8 26.h4 g4 27.e4 Qc6 28.f5 Bxc4 29.Kd2 Kb7
30.f6 Rbe8 31.Rde1 Qa4 32.Ra1 c5  0-1

[Event "4th It"]
[Site "Montreal CAN"]
[Date "2003.07.23"]
[Round "1"]
[White "Barsov,A"]
[Black "Bluvshtein,M"]
[Result "1/2-1/2"]
[WhiteElo "2526"]
[BlackElo "2447"]

1.d4 Nf6 2.c4 e6 3.Nc3 Bb4 4.Nf3 c5 5.e3 O-O 6.Bd3 b6 7.O-O Bb7 8.a3 Bxc3
9.bxc3 Be4 10.Be2 Nc6 11.Nd2 Bg6 12.Nb3 d6 13.f3 e5 14.e4 Qc7 15.Ra2 Nd7
16.Re1  1/2-1/2

[Event "Summer"]
[Site "Tel Aviv ISR"]
[Date "2003.07.23"]
[Round "4"]
[White "Haimovich,T"]
[Black "Bykhovsky,Av"]
[Result "1/2-1/2"]
[WhiteElo "2333"]
[BlackElo "2452"]

1.d4 Nf6 2.c4 e6 3.Nc3 Bb4 4.Nf3 b6 5.g3 Bb7 6.Bg2 Bxc3+ 7.bxc3 O-O 8.O-O d6
9.Re1 Nbd7 10.Bf1 Re8 11.Nd2 e5 12.Qc2 e4 13.Bg2 c5 14.Nf1 Qe7 15.Ne3 g6
16.Ba3 Nh5 17.Rad1 f5  1/2-1/2

[Event "MTO"]
[Site "Biel SUI"]
[Date "2003.07.24"]
[Round "4"]
[White "Adianto,U"]
[Black "Rashkovsky,N"]
[Result "1/2-1/2"]
[WhiteElo "2573"]
[BlackElo "2510"]

1.d4 Nf6 2.c4 e6 3.Nc3 Bb4 4.Nf3 d6 5.g3 Bxc3+ 6.bxc3 b6 7.Bg2 Bb7 8.O-O O-O
9.d5 Na6 10.Nh4 Nc5 11.Be3 Nfd7 12.f4 Re8 13.Bxc5 Nxc5 14.dxe6 Rxe6 15.Bxb7 Nxb7
16.f5 Re5 17.f6 Nc5 18.fxg7 Qg5 19.Rf4 Ne6 20.Nf3 Qxg7 21.Rh4 Ra5 22.Qd2 Re8
23.Rf1 Nf8 24.Nd4 Qg5 25.Qd3 Ng6  1/2-1/2

[Event "Open"]
[Site "Olomouc CZE"]
[Date "2003.07.30"]
[Round "1"]
[White "Galvanek,L"]
[Black "Szymanski,M"]
[Result "0-1"]
[WhiteElo "2025"]
[BlackElo "2407"]

1.d4 Nf6 2.c4 e6 3.Nc3 Bb4 4.Nf3 b6 5.Bg5 Bb7 6.e3 h6 7.Bh4 g5 8.Bg3 Ne4
9.Qc2 Bxc3+ 10.bxc3 d6 11.Bd3 Nxg3 12.hxg3 Nd7 13.Be4 c6 14.Ke2 f5 15.Bd3 Qf6
16.a4 a5 17.Rab1 O-O-O 18.c5 dxc5 19.Nd2 Kc7 20.Rb3 e5 21.Rhb1 cxd4 22.cxd4 exd4
23.Rxb6 Nxb6 24.Qc5 Nd5 25.Qxa5+ Kb8 26.Rxb7+ Kxb7 27.Ba6+ Kb8 28.Nc4 d3+  0-1

[Event "1st Masters"]
[Site "Malmo SWE"]
[Date "2003.08.02"]
[Round "6"]
[White "Ahlander,B"]
[Black "Berg,E"]
[Result "0-1"]
[WhiteElo "2393"]
[BlackElo "2495"]

1.d4 Nf6 2.c4 e6 3.Nc3 Bb4 4.Nf3 b6 5.g3 Ba6 6.Qa4 c5 7.Bg2 Bb7 8.O-O O-O
9.Rd1 cxd4 10.Qxb4 Na6 11.Qa3 dxc3 12.Qxc3 Rc8 13.b3 Qe7 14.Bb2 Rfd8 15.h3 Nc5
16.Rac1 d6 17.Qe3 e5 18.Nh4 Bxg2 19.Kxg2 Qe6 20.Kh2 Re8 21.Nf3 h6 22.Rc2 Rc7
23.Rcd2 Nce4 24.Rd3 Rc6 25.Ba3 Kh7 26.Kg2 Kg8 27.Kh2 Rd8 28.Kg2 Rc7 29.Bb4 Rcd7
30.a4 Rb8 31.Ba3 a6 32.Nh2 b5 33.cxb5 axb5 34.axb5 d5 35.Qc1 Rxb5 36.Qc8+ Kh7
37.Rc1 Ng5 38.h4 Qh3+ 39.Kg1 Nge4 40.Rf3 Rbb7 41.Rc6 d4 42.Bc1 d3 43.exd3 Rxb3
44.Rc2 Nd6 45.Qa6 e4 46.dxe4 Nc4 47.Qxc4 Rd1+ 48.Nf1 Ng4 49.Rxb3 Qh2+  0-1

[Event "4th It"]
[Site "Montreal CAN"]
[Date "2003.08.02"]
[Round "10"]
[White "Barsov,A"]
[Black "Lugovoi,A"]
[Result "1/2-1/2"]
[WhiteElo "2526"]
[BlackElo "2566"]

1.d4 Nf6 2.c4 e6 3.Nc3 Bb4 4.Nf3 c5 5.g3 O-O 6.Bg2 cxd4 7.Nxd4 d5 8.cxd5 Nxd5
9.Bd2 Nxc3 10.bxc3 Be7 11.Rb1 Qd7 12.Bf4 Bf6 13.Be3 Nc6 14.O-O Na5 15.Rb4 a6
16.Qa4 Qc7 17.Nb3 Nxb3 18.Qxb3 Qxc3 19.Rc1 Qxb3 20.Rxb3 h6  1/2-1/2

[Event "ADCF Masters"]
[Site "Abu Dhabi UAE"]
[Date "2003.08.22"]
[Round "6"]
[White "Jobava,Be"]
[Black "Barsov,A"]
[Result "0-1"]
[WhiteElo "2334"]
[BlackElo "2526"]

1.d4 e6 2.c4 Nf6 3.Nc3 Bb4 4.Nf3 O-O 5.Bg5 c5 6.e3 cxd4 7.exd4 h6 8.Bh4 Qa5
9.Qc2 Ne4 10.Rc1 d5 11.a3 Bxc3+ 12.bxc3 Nc6 13.Bd3 f5 14.O-O g5 15.Bg3 f4
16.cxd5 exd5 17.c4 Qxa3 18.Qb1 Bf5 19.cxd5 Nd2 20.Nxd2 Bxd3 21.Qxb7 Bxf1
22.Qxc6 Bd3 23.Re1 Rae8 24.Rc1 Qa6 25.Qc3 Rc8 26.Qb2 Qa2  0-1

[Event "ch-FRA w"]
[Site "Aix les Bains FRA"]
[Date "2003.08.22"]
[Round "5"]
[White "Verot,M"]
[Black "Muller,A"]
[Result "1-0"]
[WhiteElo "2099"]
[BlackElo "2184"]

1.d4 Nf6 2.c4 e6 3.Nc3 Bb4 4.Nf3 c5 5.g3 Ne4 6.Qd3 cxd4 7.Nxd4 Bxc3+ 8.bxc3 Nc5
9.Qc2 O-O 10.Bg2 d6 11.O-O a6 12.Ba3 Qc7 13.Rfd1 Nbd7 14.Nb3 Ne5 15.Rd4 f5
16.Rad1 Nf7 17.Qd2 Re8 18.Nxc5 dxc5 19.Rd3 Qa5 20.Bc1 Rb8 21.e4 fxe4 22.Bxe4 b5
23.Qf4 Qb6 24.Bxh7+ Kxh7 25.Qxf7 bxc4 26.Qh5+  1-0

[Event "It"]
[Site "Los Angeles USA"]
[Date "2003.08.23"]
[Round "6"]
[White "Taylor,T"]
[Black "Sevillano,E"]
[Result "1/2-1/2"]
[WhiteElo "2401"]
[BlackElo "2490"]

1.d4 Nf6 2.c4 e6 3.Nc3 Bb4 4.Nf3 b6 5.Bg5 Bb7 6.Nd2 h6 7.Bh4 Nc6 8.e3 Ne7
9.f3 Ng6 10.Bf2 c5 11.a3 cxd4 12.axb4 dxc3 13.bxc3 O-O 14.Be2 d5 15.O-O Qe7
16.cxd5 Nxd5 17.Qb3 Rfc8 18.Rfc1 a5 19.b5 Ne5 20.c4 Nb4 21.e4 Nd7 22.Qe3 Rc7
23.e5 Nc5 24.Nb3 Nbd3 25.Bxd3 Nxb3 26.Bh7+ Kxh7 27.Qxb3 Rd7 28.Bxb6 Qg5 29.Qe3 Qxe3+
30.Bxe3 Rd3 31.Bc5 a4 32.Ra3 Rb3 33.Bd6 Kg6 34.Rca1 Rxa3 35.Rxa3 f6 36.Kf2 h5
37.Ke3 Kf5 38.exf6 gxf6 39.Kd4 e5+ 40.Kc5 Ke6 41.Kb6 Bd5 42.c5 Bb3 43.Bc7 Kd5
44.c6 Rg8 45.g3 f5 46.Ra1 Re8 47.h4 Kd4 48.Bd6 Kd5 49.Bxe5 Rxe5 50.c7 Re8
51.Kb7 Kc5 52.c8=Q+ Rxc8 53.Kxc8 Kxb5 54.Kd7 Bd5 55.Rf1 a3 56.Kd6 Bc4 57.Rb1+ Ka4
58.Ke5 Be2 59.Kf4 a2 60.Re1 Kb3 61.Ke3 Bb5 62.Kf4 Be2  1/2-1/2

[Event "II American Continental"]
[Site "Buenos Aires ARG"]
[Date "2003.08.27"]
[Round "9"]
[White "Filgueira,H"]
[Black "Demaria,J"]
[Result "1/2-1/2"]
[WhiteElo "2376"]
[BlackElo "2242"]

1.d4 Nf6 2.c4 e6 3.Nc3 Bb4 4.Nf3 c5 5.g3 Ne4 6.Bd2 Bxc3 7.bxc3 O-O 8.Bg2 d6
9.dxc5 dxc5 10.Qc2 Nxd2 11.Nxd2 Qc7 12.O-O Bd7 13.f4 Nc6 14.g4 Rad8 15.Rf3 f5
16.gxf5 exf5 17.Raf1 Be6 18.Bh3 Qd7 19.Rd3 Qf7 20.Rff3 Na5 21.Rg3 Ra8 22.Rg5 Nxc4
23.Nxc4 Bxc4 24.Rdg3 Rfe8  1/2-1/2

[Event "ch-FRA w"]
[Site "Aix les Bains FRA"]
[Date "2003.08.28"]
[Round "10"]
[White "Verot,M"]
[Black "Aleksieva,S"]
[Result "1/2-1/2"]
[WhiteElo "2099"]
[BlackElo "2352"]

1.d4 Nf6 2.c4 e6 3.Nc3 Bb4 4.Nf3 c5 5.g3 cxd4 6.Nxd4 O-O 7.Bg2 d5 8.cxd5 Nxd5
9.Bd2 Nb6 10.Nc2 Be7 11.Bf4 Nc6 12.Qxd8 Rxd8 13.Bc7 Rd7 14.Bxb6 axb6 15.O-O Bf6
16.Rfd1 Kf8 17.a3 Na5 18.Rab1 Rxd1+ 19.Nxd1 Bd7 20.Nde3 Bb5 21.b4 Nc6 22.Kf1 g5
23.Be4 h6 24.Rd1 Ke7 25.Bd3 Bxd3 26.Rxd3 b5 27.f4 Bg7 28.Ng4 f5 29.Nf2 Rc8
30.e4 gxf4 31.exf5 Ne5 32.Rd2 fxg3 33.hxg3 exf5 34.Nd4 Rc1+ 35.Kg2 Nc4 36.Re2+ Kf6
37.Nxb5 Ra1 38.Nd3 Nxa3 39.Nd6 Rd1 40.Ne8+ Kf7 41.Nxg7 Kxg7 42.Nf4 Rd7 43.Re6 Nc2
44.Nh5+ Kf7 45.Rxh6 Nxb4 46.Rf6+ Ke7 47.Rxf5 Nd5 48.Re5+ Kf7 49.Nf4 Nxf4+
50.gxf4  1/2-1/2

[Event "II American Continental"]
[Site "Buenos Aires ARG"]
[Date "2003.08.29"]
[Round "11"]
[White "Gonzalez Garcia,J"]
[Black "Nogueiras,J"]
[Result "1/2-1/2"]
[WhiteElo "2429"]
[BlackElo "2521"]

1.d4 Nf6 2.c4 e6 3.Nc3 Bb4 4.Nf3 c5 5.g3 Nc6 6.Bg2 Qa5 7.d5 exd5 8.cxd5 Ne7
9.Bd2 Nexd5 10.Nxd5 Nxd5 11.O-O O-O 12.Ne5 Nb6 13.Be3 c4 14.Bxb6 Qxe5 15.Bd4 Qe7  1/2-1/2

[Event "Open"]
[Site "Porto San Giorgo ITA"]
[Date "2003.08.29"]
[Round "9"]
[White "Horvath,P1"]
[Black "Ciuksyte,D"]
[Result "1-0"]
[WhiteElo "2463"]
[BlackElo "2375"]

1.d4 Nf6 2.c4 e6 3.Nf3 Bb4+ 4.Nc3 c5 5.d5 d6 6.Bd2 O-O 7.e3 e5 8.Qc2 Nbd7
9.e4 a6 10.a3 Ba5 11.Be2 Rb8 12.O-O Nh5 13.g3 g6 14.Rab1 Ndf6 15.b4 cxb4
16.axb4 Bb6 17.Na4 Ba7 18.c5 Bh3 19.Rfc1 Rc8 20.Qd3 Bd7 21.Nc3 Ng4 22.h3 Ngf6
23.Kg2 Qe7 24.cxd6 Qxd6 25.b5 Bxh3+ 26.Kxh3 Bxf2 27.Be1 Qd7+ 28.Kh2 Ng4+
29.Kg2 Be3 30.Nxe5  1-0

[Event "ch-FRA Playoff"]
[Site "Aix les Bains FRA"]
[Date "2003.08.30"]
[Round "3"]
[White "Bacrot,E"]
[Black "Sokolov,And1"]
[Result "1-0"]
[WhiteElo "2645"]
[BlackElo "2554"]

1.d4 Nf6 2.c4 e6 3.Nc3 Bb4 4.Nf3 b6 5.Bg5 Bb7 6.e3 h6 7.Bh4 Qe7 8.Nd2 Bxc3
9.bxc3 d6 10.f3 Nbd7 11.Bd3 e5 12.e4 g5 13.Bf2 Nh5 14.Nf1 f5 15.Ne3 fxe4
16.fxe4 Nf4 17.d5 O-O-O 18.Bc2 Rdf8 19.g3 Nh3 20.Nf5 Rxf5 21.exf5 Nxf2 22.Kxf2 Ba6
23.Be4 Nc5 24.Qe2 h5 25.a4 g4 26.h4 gxh3 27.Rxh3 Qg5 28.Rh4 Kb8 29.Bc2 e4
30.Bxe4 Re8 31.Re1 Nxa4 32.Qxh5 Qe7 33.Qf3 Qf6 34.Bc2 Rxe1 35.Kxe1 Nxc3 36.Qe3 Na2
37.Kf2 Nb4 38.Qb3 Nxc2 39.Qxc2 Bc8 40.Rf4 a5 41.Kg2 Bd7 42.Rf3 a4 43.Qc3 Qh6
44.f6 Bg4 45.Rf2 Qh7 46.f7 Qe4+ 47.Kg1  1-0

[Event "12th Monarch Assurance"]
[Site "Port Erin IOM"]
[Date "2003.09.02"]
[Round "6"]
[White "Epishin,V"]
[Black "Cooper,L"]
[Result "1-0"]
[WhiteElo "2642"]
[BlackElo "2335"]

1.d4 Nf6 2.c4 e6 3.Nc3 Bb4 4.Nf3 c5 5.g3 cxd4 6.Nxd4 a6 7.Bg2 Qc7 8.O-O Qxc4
9.Na4 Qc7 10.Qb3 Ba5 11.Qa3 d6 12.Bf4 e5 13.b4 exf4 14.Rac1 Qd8 15.bxa5 Ra7
16.Nb6 Nc6 17.Bxc6+ bxc6 18.Nxc6  1-0

[Event "ch-Nordic"]
[Site "Aarhus DEN"]
[Date "2003.09.13"]
[Round "7"]
[White "Agrest,E"]
[Black "Olafsson,H1"]
[Result "1-0"]
[WhiteElo "2605"]
[BlackElo "2498"]

1.d4 Nf6 2.c4 e6 3.Nc3 Bb4 4.Nf3 b6 5.Bg5 Bb7 6.Nd2 h6 7.Bh4 c5 8.a3 Bxc3
9.bxc3 d6 10.e3 Qe7 11.f3 e5 12.d5 g5 13.Bf2 Nbd7 14.Bd3 O-O-O 15.Qc2 h5
16.O-O-O h4 17.Bf5 Kc7 18.g3 hxg3 19.hxg3 Rdg8 20.g4 Qe8 21.Qa4 a6 22.Rde1 Rxh1
23.Rxh1 Rh8 24.Qd1 b5 25.e4 Nb6 26.Be3 Rg8 27.Qb3 Kd8 28.Kc2 Bc8 29.Bxc8 Nxc8
30.cxb5 axb5 31.Rb1 Nb6 32.Qxb5 Qxb5 33.Rxb5 Kc7 34.Kb3 Nfd7 35.a4 f6 36.a5 Nc8
37.Nc4 Rh8 38.a6 Ncb6 39.Nxb6 Nxb6 40.Bxc5 dxc5 41.Rxc5+ Kb8 42.Rc6 Nd7 43.c4 Ka8
44.c5 Rf8 45.Kc4 Nb8 46.Re6 Ka7 47.Kb5 Rf7 48.d6 Nxa6 49.Re7+ Rxe7 50.dxe7  1-0

[Event "Tatry Open"]
[Site "Tatranske Zruby SVK"]
[Date "2003.09.27"]
[Round "1"]
[White "Stocek,J"]
[Black "Hanzluvka,P"]
[Result "1-0"]
[WhiteElo "2539"]
[BlackElo "2071"]

1.d4 Nf6 2.c4 e6 3.Nc3 Bb4 4.Nf3 b6 5.Bg5 h6 6.Bh4 Bb7 7.Qc2 O-O 8.O-O-O d5
9.e3 Nbd7 10.Kb1 Be7 11.cxd5 Nxd5 12.Nxd5 Bxh4 13.Nb4 Be7 14.Nc6 Bxc6 15.Qxc6 Nf6
16.Rc1 Qd6 17.Qxc7 Rfc8 18.Qxc8+ Rxc8 19.Rxc8+ Kh7 20.Ne5 Qd5 21.f3 g5 22.Rc7 Ng8
23.Bc4 Qd6 24.Rc6 Qb4 25.Nxf7 Qa4 26.Rc1  1-0

[Event "ECC"]
[Site "Rethymnon GRE"]
[Date "2003.09.28"]
[Round "1"]
[White "Eriksson,Mag1"]
[Black "Georgiev,Ki"]
[Result "1/2-1/2"]
[WhiteElo "2322"]
[BlackElo "2637"]

1.d4 Nf6 2.c4 e6 3.Nc3 Bb4 4.Nf3 b6 5.g3 Bb7 6.Bg2 Bxc3+ 7.bxc3 O-O 8.O-O Nc6
9.Bg5 d6 10.Nd2 h6 11.Bxf6 Qxf6 12.Qa4 Na5 13.Bxb7 Nxb7 14.Qc6 Na5 15.Qxc7 Qd8
16.Qxd8 Rfxd8 17.Rfb1 Rac8 18.Rb4 Rc7 19.Ra4 Rdc8 20.c5 dxc5 21.Nb3 Nxb3
22.axb3 cxd4 23.Rxd4 Kf8 24.c4 Ke7 25.Rad1 g5 26.h4 a5 27.Kg2 Rb8 28.hxg5 hxg5
29.Rh1 b5 30.cxb5 Rxb5 31.Ra4 Rcc5 32.Rb1 Rd5 33.b4 Rb7 34.b5 Rbxb5 35.Rba1 Rdc5
36.R1a2 Kd6 37.e3 Kc6 38.g4 Kb6 39.Kf3  1/2-1/2

[Event "12th Monarch Assurance"]
[Site "Port Erin IOM"]
[Date "2003.09.29"]
[Round "3"]
[White "Barsov,A"]
[Black "Devereaux,M"]
[Result "1-0"]
[WhiteElo "2526"]
[BlackElo "2329"]

1.d4 Nf6 2.c4 e6 3.Nc3 Bb4 4.Nf3 c5 5.g3 Nc6 6.Bg2 Ne4 7.Qd3 cxd4 8.Nxd4 Nxc3
9.bxc3 Ne5 10.Qc2 Be7 11.Qb3 O-O 12.Bf4 Qc7 13.O-O d6 14.Nb5 Qc5 15.Na3 Ng4
16.h3 e5 17.Bc1 Nf6 18.Nc2 Rb8 19.Be3 Qa5 20.Qb4 Qxb4 21.cxb4 Bf5 22.Rfc1 b6
23.b5 d5 24.cxd5 Rfd8 25.g4 Bg6 26.Bg5 Nxd5 27.Bxe7 Nxe7 28.Nb4 Rd7 29.a4 f6
30.a5 bxa5 31.Rxa5 Be8 32.e3 Kf8 33.Na6 Rbd8 34.Nc7 Rd1+ 35.Rxd1 Rxd1+ 36.Kh2 Rb1
37.Rxa7 Bxb5 38.Ne6+ Kf7 39.Bd5 Bc6 40.Nd8+ Ke8 41.Bxc6+ Kxd8 42.Rd7+ Ke8
43.Rd1+ Nxc6 44.Rxb1 Kf7 45.Rb7+ Kg6 46.Rd7 Nb4 47.Rd6 Na2 48.f3 h5 49.Kg3 Nb4
50.f4 exf4+ 51.exf4 hxg4 52.hxg4 Nc2 53.Kf3 Na3 54.Rc6 Nb5 55.Ke4 Kf7 56.Kd5 Na3
57.Rc3 Nb1 58.Rd3  1-0

[Event "12th Monarch Assurance"]
[Site "Port Erin IOM"]
[Date "2003.09.30"]
[Round "4"]
[White "Epishin,V"]
[Black "Thompson,I"]
[Result "1-0"]
[WhiteElo "2642"]
[BlackElo "2290"]

1.d4 Nf6 2.c4 e6 3.Nc3 Bb4 4.Nf3 b6 5.Bg5 Bb7 6.Qb3 a5 7.Rd1 h6 8.Bh4 g5
9.Bg3 Ne4 10.Nd2 Nxg3 11.hxg3 d5 12.cxd5 Bxd5 13.Qc2 Bb7 14.e3 Nd7 15.a3 Be7
16.Nf3 Bf6 17.Nb5 Kf8 18.Ne5 c5 19.Nd6 Bxe5 20.dxe5 Qc7 21.f4 gxf4 22.gxf4 c4
23.Rd4 Nc5 24.Bxc4 Ke7 25.Qf2 Rag8 26.Qh4+ Kf8 27.Qf6 Qe7 28.Nf5 Qxf6 29.exf6 Bd5
30.Bxd5 exf5 31.Bc4 Ne6 32.Rd7 Rg3 33.Kf2 Rhg8 34.Bd5 R3g6 35.Rc1 Rxf6 36.Rc8+ Kg7
37.Rxg8+ Kxg8 38.Rd6 Kg7 39.Rxb6 Nc5 40.Rb5 Nd7 41.Rxa5  1-0

[Event "Tatry Open"]
[Site "Tatranske Zruby SVK"]
[Date "2003.09.30"]
[Round "5"]
[White "Stocek,J"]
[Black "Furman,B"]
[Result "1-0"]
[WhiteElo "2539"]
[BlackElo "2312"]

1.d4 Nf6 2.c4 e6 3.Nc3 Bb4 4.Nf3 d5 5.e3 O-O 6.Bd3 Nc6 7.O-O a6 8.Qe2 dxc4
9.Bxc4 Bd6 10.Rd1 Bd7 11.e4 e5 12.Bg5 Nxd4 13.Nxd4 exd4 14.Nd5 Be7 15.Nxe7+ Qxe7
16.Rxd4 Bc6 17.e5 Rae8 18.Re1 Qc5 19.Rh4 Nd7 20.Qc2 g6 21.b4 Rxe5 22.bxc5 Rxe1+
23.Bf1 Bb5 24.h3 Rxf1+ 25.Kh2 Re8 26.Be3 Nf6 27.Qb2 Nd5 28.Bh6 f6 29.Rd4 Ne7
30.Re4 Nf5 31.Rxe8+ Bxe8 32.Qe2 Nxh6 33.Qxf1 Nf7 34.Qe2  1-0

[Event "ECC"]
[Site "Rethymnon GRE"]
[Date "2003.10.01"]
[Round "4"]
[White "Bacrot,E"]
[Black "Socko,B"]
[Result "1-0"]
[WhiteElo "2645"]
[BlackElo "2551"]

1.d4 Nf6 2.c4 e6 3.Nc3 Bb4 4.Nf3 O-O 5.Bg5 c5 6.Rc1 h6 7.Bh4 cxd4 8.Nxd4 Nc6
9.e3 e5 10.Bxf6 Qxf6 11.Nb5 Rd8 12.Be2 d6 13.O-O Bxc3 14.Nxc3 Be6 15.Qb3 Rd7
16.Rfd1 Rad8 17.Rd2 Qg6 18.Rcd1 e4 19.Qc2 Bf5 20.Kh1 Ne5 21.Rd5 Rc8 22.Qa4 Qf6
23.Kg1 a6 24.R1d4 Nc6 25.Rd2 Ne5 26.Qd1 Rcd8 27.Na4 Be6 28.Rxd6 Rxd6 29.Rxd6 Rxd6
30.Qxd6 Bxc4 31.Qb8+ Kh7 32.Bxc4 Nxc4 33.Qxb7 Qe5 34.Qxf7 Nxb2 35.Nxb2 Qxb2
36.g4 Qe2 37.h3 Qd3 38.Kg2 Qa3 39.Kg3 Qd6+ 40.Qf4 Qc6 41.Qe5 Qc4 42.a3 Qc2
43.Qe6 Qa4 44.Qf5+ Kh8 45.Qf8+ Kh7 46.Kf4 Qc2 47.Kg3 Qc7+ 48.Kg2 Qc6 49.h4 Qc4
50.Qf5+ g6 51.Qd7+ Kg8 52.Qe7 Qd5 53.Qf6 Kh7 54.Qxa6 Qf7 55.Qe2 Qb3 56.Qd2 Qf7
57.Qd1 Qe7 58.Qd5  1-0

[Event "Tatry Open"]
[Site "Tatranske Zruby SVK"]
[Date "2003.10.01"]
[Round "6"]
[White "Furman,B"]
[Black "Daels,M"]
[Result "1/2-1/2"]
[WhiteElo "2312"]
[BlackElo "2196"]

1.d4 Nf6 2.c4 e6 3.Nc3 Bb4 4.Nf3 b6 5.Bg5 Bb7 6.Qc2 Be4 7.Qb3 c5 8.dxc5 bxc5
9.Nd2 Bc6 10.O-O-O Qa5 11.Bxf6 gxf6 12.Nde4 Bxc3 13.Qxc3 Qxc3+ 14.Nxc3 Ke7
15.Rg1 d6 16.g3 a6 17.e3 Nd7 18.Be2 f5 19.Rd2 Ne5 20.Rgd1 Rhd8 21.h4 Nf3
22.Rc2 Ne5 23.b3 Rab8 24.Rb2 Rb6 25.Kc2 Ng4 26.Bxg4 fxg4 27.e4 Rf8 28.Re1 e5
29.Kd3 f5 30.exf5 Rxf5 31.Rd2 Rb8 32.Kc2 Rbf8  1/2-1/2

[Event "ECC"]
[Site "Rethymnon GRE"]
[Date "2003.10.03"]
[Round "6"]
[White "Parker,J"]
[Black "Azarov,S"]
[Result "1/2-1/2"]
[WhiteElo "2541"]
[BlackElo "2530"]

1.d4 Nf6 2.c4 e6 3.Nc3 Bb4 4.Nf3 b6 5.Bg5 h6 6.Bh4 Bb7 7.e3 Bxc3+ 8.bxc3 d6
9.Nd2 g5 10.Bg3 Nc6 11.h4 Rg8 12.hxg5 hxg5 13.Rh6 Qe7 14.Qf3 Rg6 15.Rxg6 fxg6
16.Ne4 Nxe4 17.Qxe4 Qf6 18.c5 Na5 19.Qc2 O-O-O 20.cxd6 cxd6 21.c4 Nc6 22.Rb1 Qf5
23.Bd3 Qa5+ 24.Qd2 Ba6 25.Rc1 Kd7 26.d5 Qxd2+ 27.Kxd2 Na5 28.Rh1 Nxc4+ 29.Bxc4 Bxc4
30.Rh7+ Kc8 31.dxe6  1/2-1/2

[Event "ECC"]
[Site "Rethymnon GRE"]
[Date "2003.10.03"]
[Round "6"]
[White "Eriksson,Mag1"]
[Black "Nevanlinna,R"]
[Result "1/2-1/2"]
[WhiteElo "2322"]
[BlackElo "2357"]

1.d4 Nf6 2.c4 e6 3.Nc3 Bb4 4.Nf3 b6 5.g3 Ba6 6.Qa4 c5 7.dxc5 Bxc5 8.Bg2 Bb7
9.O-O O-O 10.Bf4 Be7 11.Rad1 d6 12.Rd2 Na6 13.Ng5 Nc5 14.Qc2 h6 15.Nge4 Nfxe4
16.Nxe4 Nxe4 17.Bxe4 Bxe4 18.Qxe4 Qc7 19.Rfd1 Rac8 20.Bxd6 Bxd6 21.Rxd6 Qxc4
22.Qxc4 Rxc4 23.R1d2 Rfc8 24.h4 Rc1+ 25.Kg2 R8c7 26.Kf3 g6 27.Rd8+ Kg7 28.Ra8 Kf6
29.Ke3 Rf1 30.Kf3 Rg1 31.Rh8 h5 32.Ra8 Rc5 33.e4 Rc7 34.Rad8 Re1 35.R8d7 Rxd7
36.Rxd7 Rb1 37.b3 a5 38.Rb7 Rb2 39.Rxb6 Rxa2 40.Ra6 Ra3 41.Kf4 Ra2 42.f3 Ra3
43.e5+ Kg7 44.Ra7 Kg8 45.Ra8+ Kh7 46.Rb8 Ra1 47.Ra8 Kh6 48.Rh8+ Kg7 49.Ra8 Ra3
50.Rb8 Ra1  1/2-1/2

[Event "ECC"]
[Site "Rethymnon GRE"]
[Date "2003.10.04"]
[Round "7"]
[White "Lahno,Kateri"]
[Black "Kouvatsos,F"]
[Result "1-0"]
[WhiteElo "2439"]
[BlackElo "2067"]

1.d4 Nf6 2.Nf3 e6 3.c4 Bb4+ 4.Nc3 O-O 5.Bd2 d5 6.e3 b6 7.cxd5 exd5 8.a3 Bxc3
9.Bxc3 Bb7 10.Bd3 Nbd7 11.Rc1 Ne4 12.O-O Qe7 13.b4 a6 14.Bb2 Rac8 15.Ne5 Nb8
16.b5 axb5 17.Bxb5 c6 18.Bd3 f6 19.Nf3 Nd7 20.Qb3 Ra8 21.a4 Qe6 22.Ra1 Ra7
23.Ba3 Rfa8 24.Bb4 c5 25.Bxe4 Qxe4 26.Bc3 Bc6 27.Nd2 Qd3 28.a5 bxa5 29.Rfd1 a4
30.Qa3 cxd4 31.Nb1  1-0

[Event "21st Muensterland Open"]
[Site "Senden GER"]
[Date "2003.10.19"]
[Round "4"]
[White "Horvath,P1"]
[Black "Bischoff,K"]
[Result "1/2-1/2"]
[WhiteElo "2457"]
[BlackElo "2564"]

1.d4 Nf6 2.c4 e6 3.Nc3 Bb4 4.Nf3 O-O 5.Bg5 h6 6.Bh4 c5 7.dxc5 Bxc5 8.e3 Be7
9.Be2 d6 10.O-O a6  1/2-1/2